| 000 | 01365nam a22002657a 4500 | ||
|---|---|---|---|
| 003 | OSt | ||
| 005 | 20210218152453.0 | ||
| 008 | 210218s2002 ck ||||fr|||| 001 0 spa d | ||
| 020 | _a9588087902 | ||
| 040 |
_aCO-JMCR _cCO-JMCR |
||
| 041 | 0 | _aspa | |
| 082 | 0 | 4 |
_a320.9861 / _bM833p _223 |
| 100 | 1 |
_aMorcillo, Pedro Pablo, _eautor _913666 |
|
| 245 | 1 | 3 |
_aLa planeación en Colombia : _bhistoria, derecho y gestión / _cPedro Pablo Morcillo |
| 260 |
_aBogotá : _bUniversidad Piloto de Colombia : Ediciones Jurídicas Gustavo Ibañez, _c2002 |
||
| 300 |
_axx, 799 páginas ; _c24 cm. |
||
| 490 | 0 | _aTextos universitarios | |
| 500 | _aIncluye: Notas a pie de página e índice analítico a final del texto. | ||
| 504 | _aBibliografía: p. 773-782. | ||
| 505 | 0 | _aMarco conceptual y administrativo -- Antecedentes -- La constitución intervencionista de 1886 -- Evolución normativa de la planeación para el desarrollo -- La planeación para el desarrollo al final del Siglo XX -- Régimen legal de la planeación para el desarrollo -- La planeación de las entidades territoriales -- Otros aspectos relacionados con la planeación para el desarrollo y conclusiones generales -- Resumen ejecutivo | |
| 650 | 1 | 4 |
_aPolítica económica _zColombia _913667 |
| 650 | 1 | 4 |
_aPolítica y gobierno _zColombia _97461 |
| 651 | 4 |
_aColombia _xhistoria _98795 |
|
| 942 |
_2ddc _cBK |
||
| 999 |
_c7245 _d7245 |
||